[Event "Manizales Feria op 29th"]
[Site "Manizales"]
[Date "2024.01.07"]
[Round "5"]
[White "Sanchez Ospina, William"]
[Black "Badillo, Julio Cesar"]
[Result "1-0"]
[WhiteElo "1415"]
[BlackElo "1796"]
[PlyCount "47"]
[EventDate "2024.01.05"]
[EventType "swiss"]
[EventRounds "7"]
[EventCountry "COL"]
[SourceTitle "CB02_2024"]
[SourceDate "2024.01.10"]
[SourceVersion "1"]
[SourceVersionDate "2024.01.10"]
[SourceQuality "1"]

1. d4 Nf6 2. Bf4 d6 3. e3 g6 4. Nf3 Bg7 5. Nbd2 0-0 6. Bd3 b6 7. 0-0 Bb7 8. Re1 Nbd7 9. e4 Nh5 10. Be3 e5 11. d5 Nc5 12. Bb5 a5 13. a4 Qe7 14. Bg5 f6 15. Be3 Rfd8 16. c3 Bc8 17. b4 axb4 18. cxb4 Na6 19. Rb1 h6 20. Qe2 Nb8 21. Qc4 f5 22. exf5 Bxf5 23. Rbc1 e4 24. Nd4 1-0

[Event "Manizales Feria op 29th"]
[Site "Manizales"]
[Date "2024.01.06"]
[Round "3"]
[White "Alvarez Moncada, Carlos Alberto"]
[Black "Badillo, Julio Cesar"]
[Result "1-0"]
[WhiteElo "1443"]
[BlackElo "1796"]
[PlyCount "77"]
[EventDate "2024.01.05"]
[EventType "swiss"]
[EventRounds "7"]
[EventCountry "COL"]
[SourceTitle "CB02_2024"]
[SourceDate "2024.01.10"]
[SourceVersion "1"]
[SourceVersionDate "2024.01.10"]
[SourceQuality "1"]

1. e4 c5 2. Nf3 Nc6 3. d4 cxd4 4. Nxd4 Nf6 5. Nc3 g6 6. Be2 Bg7 7. 0-0 0-0 8. Be3 d6 9. Rb1 a6 10. Qd2 Qc7 11. Rfd1 Bd7 12. h3 Rac8 13. Nf3 Rfd8 14. a3 Ne5 15. Nd4 Nc4 16. Bxc4 Qxc4 17. f3 b5 18. Nde2 h5 19. Nf4 Be6 20. Nxe6 fxe6 21. Qf2 d5 22. e5 Nd7 23. Rd4 Qc7 24. f4 Rf8 25. Qh4 Nb6 26. Rf1 Nc4 27. Bc1 Nxa3 28. Rd2 b4 29. Ne2 Nxc2 30. g4 hxg4 31. Qxg4 Qb6+ 32. Kh1 Ne3 33. Qg1 d4 34. Nxd4 Qb7+ 35. Rf3 Nf5 36. Rdd3 Nxd4 37. Qxd4 Rxc1+ 38. Kh2 Qc6 39. Qe3 1-0

[Event "Manizales op 28th"]
[Site "Manizales"]
[Date "2023.01.08"]
[Round "7"]
[White "Badillo, Julio Cesar"]
[Black "Villamizar, Diego Fernando"]
[Result "0-1"]
[WhiteElo "1841"]
[BlackElo "1951"]
[PlyCount "80"]
[EventDate "2023.01.05"]
[EventType "swiss"]
[EventRounds "8"]
[EventCountry "COL"]
[SourceTitle "CBM 212 Extra"]
[Source "ChessBase"]
[SourceDate "2023.03.31"]
[SourceVersion "1"]
[SourceVersionDate "2023.03.31"]
[SourceQuality "1"]

1. e4 c5 2. Nf3 a6 3. d4 cxd4 4. Nxd4 d6 5. Nc3 Nf6 6. Be2 e6 7. 0-0 b5 8. a3 Bb7 9. Bf3 Nbd7 10. Bg5 Be7 11. Re1 Qc7 12. Qe2 0-0 13. Bf4 Rfe8 14. Bg3 Rac8 15. Rad1 Ne5 16. Bxe5 dxe5 17. Nb3 b4 18. axb4 Bxb4 19. Rd3 a5 20. Re3 a4 21. Nd2 Qa5 22. Ra1 Ba6 23. Qe1 a3 24. Nb3 Qc7 25. Rxa3 Bxa3 26. bxa3 Red8 27. g4 h6 28. h4 Rd6 29. g5 hxg5 30. hxg5 Nh7 31. Be2 Bxe2 32. Qxe2 Qd8 33. Rg3 Nxg5 34. Qg4 f6 35. a4 Rdc6 36. Nb5 Rxc2 37. Re3 Qb6 38. Qg3 Ra8 39. Rc3 Nxe4 40. Qf3 Rxf2 0-1

[Event "Manizales op 28th"]
[Site "Manizales"]
[Date "2023.01.07"]
[Round "5"]
[White "Badillo, Julio Cesar"]
[Black "Torres, Jorge Emilio"]
[Result "0-1"]
[WhiteElo "1841"]
[BlackElo "1973"]
[PlyCount "58"]
[EventDate "2023.01.05"]
[EventType "swiss"]
[EventRounds "8"]
[EventCountry "COL"]
[SourceTitle "CBM 212 Extra"]
[Source "ChessBase"]
[SourceDate "2023.03.31"]
[SourceVersion "1"]
[SourceVersionDate "2023.03.31"]
[SourceQuality "1"]

1. d4 e6 2. c4 c5 3. e3 g6 4. Nf3 Bg7 5. Nc3 b6 6. Nb5 d5 7. dxc5 bxc5 8. cxd5 a6 9. Nc3 Bxc3+ 10. bxc3 exd5 11. Bd3 Nf6 12. 0-0 0-0 13. c4 dxc4 14. Bxc4 Qxd1 15. Rxd1 Bg4 16. Bb2 Bxf3 17. gxf3 Nfd7 18. Rd6 Ra7 19. Rad1 Rb7 20. Bc3 Nb6 21. Bd3 c4 22. Be2 Na4 23. Bf6 c3 24. Rd8 Nc6 25. Rxf8+ Kxf8 26. Rc1 Nb4 27. Bxc3 Nxa2 28. Bxa6 Nxc1 29. Bxb7 Nxc3 0-1

[Event "Manizales op 28th"]
[Site "Manizales"]
[Date "2023.01.06"]
[Round "3"]
[White "Duran Lopez, Arlesc"]
[Black "Badillo, Julio Cesar"]
[Result "0-1"]
[WhiteElo "1546"]
[BlackElo "1841"]
[PlyCount "22"]
[EventDate "2023.01.05"]
[EventType "swiss"]
[EventRounds "8"]
[EventCountry "COL"]
[SourceTitle "CBM 212 Extra"]
[Source "ChessBase"]
[SourceDate "2023.03.31"]
[SourceVersion "1"]
[SourceVersionDate "2023.03.31"]
[SourceQuality "1"]

1. e4 c5 2. Nf3 e6 3. d3 Nc6 4. Be2 Nf6 5. Be3 Be7 6. Nbd2 d5 7. c3 0-0 8. g3 Ng4 9. 0-0 d4 10. h3 dxe3 11. hxg4 exd2 0-1

[Event "Manizales Americas op"]
[Site "Manizales"]
[Date "2022.10.14"]
[Round "1"]
[White "Badillo, Julio Cesar"]
[Black "Londono Tejedor, Leidy Johana"]
[Result "1-0"]
[WhiteElo "1924"]
[BlackElo "1183"]
[PlyCount "49"]
[EventDate "2022.10.14"]
[EventType "swiss"]
[EventRounds "8"]
[EventCountry "COL"]
[SourceTitle "CBM 210 Extra"]
[Source "ChessBase"]
[SourceDate "2022.11.30"]
[SourceVersion "1"]
[SourceVersionDate "2022.11.30"]
[SourceQuality "1"]

1. e4 e6 2. d4 d5 3. Nc3 c5 4. dxc5 d4 5. Bb5+ Nc6 6. Bxc6+ bxc6 7. Nce2 Bxc5 8. Nf3 Bb4+ 9. c3 dxc3 10. Qxd8+ Kxd8 11. bxc3 Bc5 12. 0-0 Nf6 13. e5 Ne4 14. Ng5 Nxg5 15. Bxg5+ Kc7 16. Rfd1 Ba6 17. Ng3 h6 18. Ne4 Bb6 19. Be7 Rhe8 20. Bd6+ Kb7 21. Rab1 Be2 22. Rd2 Bc4 23. Bc5 Rad8 24. Bxb6 Rxd2 25. Be3+ 1-0

[Event "Manizales Las Americas blitz op"]
[Site "Manizales"]
[Date "2021.10.23"]
[Round "9"]
[White "Rodriguez Zuluaga, Gabriel Andres"]
[Black "Badillo, Julio Cesar"]
[Result "1-0"]
[WhiteElo "1597"]
[BlackElo "1876"]
[PlyCount "75"]
[EventDate "2021.10.23"]
[EventType "swiss (blitz)"]
[EventRounds "11"]
[EventCountry "COL"]
[SourceTitle "CBM 205 Extra"]
[Source "ChessBase"]
[SourceDate "2022.01.31"]
[SourceVersion "1"]
[SourceVersionDate "2022.01.31"]
[SourceQuality "1"]

1. e4 e6 2. d4 d5 3. Bd3 Nf6 4. Nc3 Bb4 5. e5 Nfd7 6. a3 Be7 7. b4 b6 8. Bb2 c5 9. bxc5 bxc5 10. Nb5 c4 11. Be2 Qa5+ 12. Nc3 Nc6 13. Nf3 0-0 14. 0-0 Rb8 15. Qc1 Nb6 16. Nd2 Nxd4 17. Bd1 Nd7 18. f4 Qb6 19. Kh1 Qxb2 20. Qxb2 Rxb2 21. Na4 Rb7 22. Nf3 Nxf3 23. Bxf3 Nb6 24. Nc3 a6 25. Rab1 Bd7 26. a4 Rfb8 27. Ne2 Bc5 28. a5 Na4 29. Rxb7 Rxb7 30. f5 Bb5 31. c3 Bc6 32. fxe6 fxe6 33. Bg4 Bd7 34. Nf4 Nxc3 35. Nxe6 Bxe6 36. Bxe6+ Kh8 37. h3 Re7 38. Rf8# 1-0

[Event "Manizales-ch"]
[Site "Manizales"]
[Date "2016.09.10"]
[Round "6"]
[White "Blasco Camacho, Francesco"]
[Black "Badillo, Julio Cesar"]
[Result "0-1"]
[WhiteElo "1662"]
[BlackElo "1933"]
[PlyCount "30"]
[EventDate "2016.09.05"]
[EventType "swiss"]
[EventRounds "9"]
[EventCountry "COL"]
[SourceTitle "CBM 174 Extra"]
[Source "ChessBase"]
[SourceDate "2016.10.10"]
[SourceVersion "1"]
[SourceVersionDate "2016.10.10"]
[SourceQuality "1"]

1. d4 Nf6 2. Nf3 c5 3. e3 cxd4 4. exd4 e6 5. Bd3 a6 6. 0-0 b5 7. Nbd2 Bb7 8. b3 Be7 9. Bb2 Nc6 10. c4 Nb4 11. Be2 bxc4 12. Nxc4 0-0 13. a3 Nbd5 14. Rc1 Nf4 15. Nfe5 Bxg2 0-1

[Event "Manizales-ch"]
[Site "Manizales"]
[Date "2016.09.06"]
[Round "2"]
[White "Badillo, Julio Cesar"]
[Black "Perez, William"]
[Result "0-1"]
[WhiteElo "1933"]
[BlackElo "1991"]
[PlyCount "66"]
[EventDate "2016.09.05"]
[EventType "swiss"]
[EventRounds "9"]
[EventCountry "COL"]
[SourceTitle "CBM 174 Extra"]
[Source "ChessBase"]
[SourceDate "2016.10.10"]
[SourceVersion "1"]
[SourceVersionDate "2016.10.10"]
[SourceQuality "1"]

1. e4 c6 2. d4 d5 3. e5 Bf5 4. g4 Bg6 5. h4 h5 6. e6 fxe6 7. g5 Qd6 8. Bd3 Bxd3 9. Qxd3 e5 10. Nh3 Nd7 11. c3 e4 12. Qc2 e5 13. Be3 Ne7 14. Nd2 Nf5 15. 0-0-0 0-0-0 16. Qa4 a6 17. dxe5 Nxe5 18. Nxe4 Qd7 19. Nc5 Qf7 20. g6 Nxg6 21. Ng5 Qe7 22. Nge6 Nxe3 23. fxe3 Rd6 24. Nd4 Rf6 25. Ndb3 Qxe3+ 26. Kb1 Bxc5 27. Rhe1 Qf2 28. Rf1 Qxf1 29. Rxf1 Rxf1+ 30. Kc2 Rf4 31. Qa5 Ba7 32. Nc5 Bxc5 33. Qxc5 Rhf8 0-1

[Event "Manizales-ch"]
[Site "Manizales"]
[Date "2016.09.05"]
[Round "1"]
[White "Cuervo, Victor Manuel"]
[Black "Badillo, Julio Cesar"]
[Result "1/2-1/2"]
[WhiteElo "1818"]
[BlackElo "1933"]
[PlyCount "38"]
[EventDate "2016.09.05"]
[EventType "swiss"]
[EventRounds "9"]
[EventCountry "COL"]
[SourceTitle "CBM 174 Extra"]
[Source "ChessBase"]
[SourceDate "2016.10.10"]
[SourceVersion "1"]
[SourceVersionDate "2016.10.10"]
[SourceQuality "1"]

1. e4 c5 2. Nf3 Nc6 3. d4 cxd4 4. Nxd4 e6 5. Nc3 Bb4 6. a3 Bxc3+ 7. bxc3 Nf6 8. Nxc6 bxc6 9. Bd3 0-0 10. 0-0 d5 11. e5 Nd7 12. Re1 f5 13. f4 Nc5 14. Be3 Ne4 15. Bxe4 fxe4 16. Qd4 Ba6 17. Qc5 Bb5 18. Rab1 Qd7 19. Qd6 Rfd8 1/2-1/2

[Event "Manizales Castro Memorial"]
[Site "Manizales"]
[Date "2015.12.19"]
[Round "5"]
[White "Badillo, Julio Cesar"]
[Black "Ramirez, Jorge Alonso"]
[Result "0-1"]
[WhiteElo "1798"]
[BlackElo "1919"]
[PlyCount "76"]
[EventDate "2015.12.17"]
[EventType "swiss"]
[EventRounds "7"]
[EventCountry "COL"]
[SourceTitle "CBM 170 Extra"]
[Source "ChessBase"]
[SourceDate "2016.02.25"]
[SourceVersion "1"]
[SourceVersionDate "2016.02.25"]
[SourceQuality "1"]

1. e4 d6 2. d4 g6 3. Nc3 Bg7 4. Be3 Nf6 5. f3 c6 6. Qd2 b5 7. 0-0-0 b4 8. Nce2 a5 9. Bh6 Bxh6 10. Qxh6 Qc7 11. g4 c5 12. dxc5 Qxc5 13. Nd4 Ba6 14. Bxa6 Rxa6 15. Nge2 Nbd7 16. h4 a4 17. Kb1 e5 18. c3 bxc3 19. bxc3 exd4 20. Qd2 dxc3 21. Nxc3 a3 22. Ka1 Rc6 23. Nd5 Nxd5 24. exd5 Qc3+ 25. Qxc3 Rxc3 26. Rc1 Rxc1+ 27. Rxc1 Nc5 28. Rc3 Ke7 29. Rxa3 Kf6 30. Ra7 Re8 31. a4 Re3 32. g5+ Kg7 33. Kb2 Rxf3 34. a5 Rf4 35. Rc7 Rd4 36. a6 Nxa6 37. Rc6 Nb4 38. Rxd6 Rxd5 0-1

[Event "Manizales Castro Memorial"]
[Site "Manizales"]
[Date "2015.12.18"]
[Round "2"]
[White "Badillo, Julio Cesar"]
[Black "Jimenez, Jose Mauricio"]
[Result "1/2-1/2"]
[WhiteElo "1798"]
[BlackElo "2279"]
[PlyCount "37"]
[EventDate "2015.12.17"]
[EventType "swiss"]
[EventRounds "7"]
[EventCountry "COL"]
[SourceTitle "CBM 170 Extra"]
[Source "ChessBase"]
[SourceDate "2016.02.25"]
[SourceVersion "1"]
[SourceVersionDate "2016.02.25"]
[SourceQuality "1"]

1. e4 c5 2. d4 cxd4 3. c3 d3 4. Bxd3 Nc6 5. Nf3 d6 6. Bf4 Nf6 7. Nbd2 a6 8. Qe2 g6 9. 0-0-0 Qc7 10. h4 Nd7 11. Kb1 Bg7 12. Nb3 Nde5 13. Bxe5 Nxe5 14. Nxe5 Bxe5 15. g3 h5 16. f4 Bg7 17. Nd4 Bd7 18. Nf3 0-0-0 19. Rc1 1/2-1/2

[Event "Manizales op 24th"]
[Site "Manizales"]
[Date "2014.01.10"]
[Round "4"]
[White "Matta, Paola Andrea"]
[Black "Badillo, Julio Cesar"]
[Result "1/2-1/2"]
[WhiteElo "2028"]
[BlackElo "1824"]
[PlyCount "63"]
[EventDate "2014.01.08"]
[EventType "swiss"]
[EventRounds "8"]
[EventCountry "COL"]
[SourceTitle "CBM 158 Extra"]
[Source "ChessBase"]
[SourceDate "2014.02.28"]
[SourceVersion "1"]
[SourceVersionDate "2014.02.28"]
[SourceQuality "1"]

1. Nf3 Nf6 2. c4 e6 3. Qc2 d5 4. d4 c6 5. g3 Bb4+ 6. Nbd2 0-0 7. Bg2 Nbd7 8. 0-0 b6 9. a3 Bxd2 10. Nxd2 Bb7 11. Rd1 Rc8 12. e4 Re8 13. e5 Ng4 14. h3 Nh6 15. Nf3 Nf5 16. Bg5 Qc7 17. Rac1 c5 18. cxd5 Bxd5 19. dxc5 Qc6 20. g4 Ne7 21. Qe2 bxc5 22. Nd4 Qb7 23. Bxd5 Nxd5 24. Nb5 Qa6 25. a4 f6 26. exf6 N7xf6 27. Qe5 Rf8 28. b3 h6 29. Bh4 Qb6 30. Nd6 Rc6 31. Qxe6+ Kh7 32. Bg3 1/2-1/2

[Event "Manizales op 24th"]
[Site "Manizales"]
[Date "2014.01.08"]
[Round "1"]
[White "Badillo, Julio Cesar"]
[Black "Gomez, Manuela"]
[Result "1-0"]
[WhiteElo "1824"]
[BlackElo "1497"]
[PlyCount "23"]
[EventDate "2014.01.08"]
[EventType "swiss"]
[EventRounds "8"]
[EventCountry "COL"]
[SourceTitle "CBM 158 Extra"]
[Source "ChessBase"]
[SourceDate "2014.02.28"]
[SourceVersion "1"]
[SourceVersionDate "2014.02.28"]
[SourceQuality "1"]

1. e4 e5 2. d4 d6 3. dxe5 dxe5 4. Qxd8+ Kxd8 5. Nc3 Nf6 6. Bg5 Bd7 7. 0-0-0 Be7 8. f3 Nc6 9. Bxf6 Bxf6 10. Bc4 Ke8 11. Bxf7+ Kxf7 12. Rxd7+ 1-0

[Event "Manizales op 21st"]
[Site "Manizales"]
[Date "2009.01.10"]
[Round "5"]
[White "Suarez, Alexandra"]
[Black "Badillo, Julio Cesar"]
[Result "1-0"]
[WhiteElo "1600"]
[BlackElo "1732"]
[PlyCount "41"]
[EventDate "2009.01.08"]
[EventType "swiss"]
[EventRounds "7"]
[EventCountry "COL"]
[SourceTitle "CBM 128 Extra"]
[Source "ChessBase"]
[SourceDate "2009.03.05"]
[SourceVersion "2"]
[SourceVersionDate "2009.03.25"]
[SourceQuality "1"]

1. g3 Nf6 2. Nf3 e6 3. d4 d5 4. Bg2 Nbd7 5. b3 Bb4+ 6. Bd2 Bd6 7. c4 c6 8. Nc3 b6 9. Qc2 Bb7 10. 0-0 Rc8 11. Rac1 0-0 12. Rfe1 Ba3 13. Rb1 Bb4 14. e4 Bxc3 15. Bxc3 Nxe4 16. Bb2 f5 17. b4 Ba6 18. c5 f4 19. Bc1 fxg3 20. hxg3 Qf6 21. Be3 1-0

[Event "Manizales op 20th"]
[Site "Manizales"]
[Date "2008.01.13"]
[Round "6"]
[White "Badillo, Julio Cesar"]
[Black "Montoya, Duvan"]
[Result "1-0"]
[WhiteElo "1672"]
[BlackElo "1813"]
[PlyCount "77"]
[EventDate "2008.01.10"]
[EventType "swiss"]
[EventRounds "7"]
[EventCountry "COL"]
[SourceTitle "EXT 2010"]
[Source "ChessBase"]
[SourceDate "2010.11.25"]
[SourceVersion "1"]
[SourceVersionDate "2010.11.25"]
[SourceQuality "1"]

1. e4 d6 2. d4 Nf6 3. Bd3 e5 4. dxe5 dxe5 5. Nf3 Bg4 6. Nc3 Bc5 7. a3 Bxf3 8. Qxf3 c6 9. Bg5 Nbd7 10. 0-0-0 Qa5 11. Kb1 Bd4 12. Bd2 Qb6 13. g4 h6 14. Ka1 Qc7 15. h4 Nc5 16. g5 Ng8 17. Ka2 Bxc3 18. Bxc3 Na4 19. Bc4 Nxc3+ 20. Qxc3 hxg5 21. Rhg1 Rd8 22. Rxd8+ Kxd8 23. Rxg5 f6 24. Rg3 Ke8 25. Qe3 b6 26. Qf3 Kf8 27. h5 Nh6 28. Bb3 Qd7 29. Qe2 b5 30. Rd3 Qe7 31. Qd2 Ke8 32. Rd6 Qc7 33. Be6 Qe7 34. Rxc6 Nf7 35. Rc8+ Nd8 36. Bf5 Rh6 37. Qd5 a6 38. Qg8+ Qf8 39. Rxd8+ 1-0

[Event "Manizales op 20th"]
[Site "Manizales"]
[Date "2008.01.13"]
[Round "7"]
[White "Salcedo, Diana"]
[Black "Badillo, Julio Cesar"]
[Result "1/2-1/2"]
[WhiteElo "2116"]
[BlackElo "1672"]
[PlyCount "84"]
[EventDate "2008.01.10"]
[EventType "swiss"]
[EventRounds "7"]
[EventCountry "COL"]
[SourceTitle "EXT 2010"]
[Source "ChessBase"]
[SourceDate "2010.11.25"]
[SourceVersion "1"]
[SourceVersionDate "2010.11.25"]
[SourceQuality "1"]

1. c4 Nf6 2. Nc3 e5 3. Nf3 Nc6 4. d4 exd4 5. Nxd4 Nxd4 6. Qxd4 Be7 7. e4 d6 8. Be2 0-0 9. 0-0 a6 10. Bg5 Be6 11. Rad1 Nd7 12. Bxe7 Qxe7 13. f4 f6 14. Bf3 Kh8 15. Rde1 Rad8 16. Nd5 Bxd5 17. exd5 Qf7 18. Be4 f5 19. Bc2 b6 20. Re3 Rde8 21. Rg3 Qf6 22. Qxf6 Rxf6 23. Kf2 g6 24. Re1 Rxe1 25. Kxe1 Kg8 26. Re3 Kf7 27. Kd2 a5 28. a3 Kf8 29. b4 axb4 30. axb4 Rf7 31. Ba4 Nf6 32. Re6 Ne4+ 33. Ke3 Re7 34. Rxe7 Kxe7 35. Kd4 Nf6 36. Bd1 Kd7 37. Bf3 Ke7 38. h3 h5 39. Ke3 Nd7 40. Kf2 Nb8 41. Ke3 Na6 42. b5 Nb8 1/2-1/2